000
00323nam a22001337a 4500
008
170620b xxu||||| |||| 00| 0 eng d
020
_a
9781570031700
041
_a
eng
080
_a
32
100
_a
20
101
_a
SHP
245
_a
THE INTERNATIONAL LAW COMMISSION OF THE UNITED STATES
_c
MORTON, J,S
942
_2
udc
_c
BK
999
_c
18350
_d
18350